Statistics for Five and Five: 10-Letter Musical Acts

Click here to take the quiz!

General Stats

  • This quiz has been taken 19 times
  • The average score is 8 of 23

Answer Stats

HIT SONGMUSICAL ACT% Correct
Space OddityDavid Bowie
83%
Wrecking BallMiley Cyrus
83%
Hungry Like the WolfDuran Duran
83%
Summer of '69Bryan Adams
78%
You're So VainCarly Simon
78%
Papa's Got a Brand New BagJames Brown
56%
Get Outta My Dreams, Get Into My CarBilly Ocean
50%
I Want You to Want MeCheap Trick
50%
Two Tickets to ParadiseEddie Money
39%
Roll Over BeethovenChuck Berry
33%
You've Got Another Thing ComingJudas Priest
33%
Forever Your GirlPaula Abdul
28%
AnacondaNicki Minaj
28%
All-StarSmash Mouth
22%
Once Bitten Twice ShyGreat White
22%
Splish SplashBobby Darin
17%
Wicked GameChris Isaak
17%
Can't Fight the MoonlightLeAnn Rimes
11%
Your Wildest DreamsMoody Blues
11%
No RainBlind Melon
11%
CandyMandy Moore
0%
GloriaPatti Smith
0%
Bull in the HeatherSonic Youth
0%

Score Distribution

Percentile by Number Answered

Percent of People with Each Score

Your Score History

You have not taken this quiz